South-African butterflies : a monograph of the extra-tropical species /
Saved in:
| Main Author: | |
|---|---|
| Other Authors: | |
| Format: | Book |
| Language: | English |
| Published: |
London :
Trübner,
1887-89
|
| Subjects: | |
| Tags: |
Add Tag
No Tags, Be the first to tag this record!
|
| LEADER | 01121cam a2200265Ia 4500 | ||
|---|---|---|---|
| 001 | 005465331-2 | ||
| 005 | 20020606163548.3 | ||
| 008 | 821113m18871889enkaf b 001 0 eng d | ||
| 035 | 0 | |a ocm08955095 | |
| 040 | |a SMI |c SMI |d GZM |d HMZ | ||
| 043 | |a fs----- | ||
| 050 | 4 | |a QL557 |b .T83 | |
| 090 | |a QL557 |b .T83 | ||
| 100 | 1 | |a Trimen, Roland. | |
| 245 | 1 | 0 | |a South-African butterflies : |b a monograph of the extra-tropical species / |c by Roland Trimen; assisted by James Henry Bowker. |
| 260 | |a London : |b Trübner, |c 1887-89 |e (London : |f Ballantyne, Hanson and Co.) | ||
| 300 | |a 3 v., [13] leaves of plates, [1] folded leaf : |b col. ill., map ; |c 26 cm. | ||
| 504 | |a Includes bibliographical references and indexes. | ||
| 505 | 0 | |a I. Nymphalidæ. 1887.--II. Erycinidæ and yeænidæ. 1887.-III. Papilionidæ and hesperidæ. 1889. | |
| 650 | 0 | |a Butterflies |z Africa, Southern. | |
| 650 | 2 | |a Butterflies. | |
| 700 | 1 | |a Bowker, James Henry. | |
| 776 | 0 | 8 | |i Online version: |a Trimen, Roland. |t South-African butterflies. |d London : Trübner, 1887-89 (London : Ballantyne, Hanson and Co.) |w (OCoLC)659354055 |
| 988 | |a 20020608 | ||
| 906 | |0 OCLC | ||


